| 000 | 00550nam a22001937a 4500 | ||
|---|---|---|---|
| 999 |
_c1436 _d1436 |
||
| 003 | OSt | ||
| 005 | 20180913110027.0 | ||
| 008 | 180913b ||||| |||| 00| 0 eng d | ||
| 020 | _a0961553405 | ||
| 040 | _cDLC | ||
| 082 |
_a248.4 _bC973W |
||
| 100 | _aCunningham, Loren | ||
| 245 |
_aWinning, God's way / _cBy Loren Cunningham With Janice Rogers |
||
| 260 |
_aWashington D.C, USA : _bFrontline Communication, _cc1988. |
||
| 300 | _a133 p.: | ||
| 630 | _aCunningham, Loren | ||
| 650 |
_aYouth with a Mission, Inc _xChristian Life |
||
| 942 |
_2ddc _cBK |
||